| 000 | 00457nam a22001937a 4500 | ||
|---|---|---|---|
| 003 | MPLRDC | ||
| 005 | 20220104143456.0 | ||
| 008 | 210129b ||||| |||| 00| 0 eng d | ||
| 020 | _a962-357-880-6 | ||
| 082 | _a782.1 LCF | ||
| 100 | _a林翠芬 | ||
| 245 |
_a解不开的中国情意结 _c |
||
| 250 | _a初版 | ||
| 260 |
_a _b明报出版社 _c1996 |
||
| 300 | _b平 | ||
| 490 | _a人物系列 | ||
| 650 | _a中国传记 | ||
| 942 |
_cBK _o782.1 LCF |
||
| 999 |
_c40266 _d40256 |
||